Κατάλογος Βιβλιοθηκών Mediterranean College

MANAGEMENT INFORMATION SYSTEMS (Record no. 6548)

MARC details
000 -LEADER
fixed length control field 00875cam a22002174a 4500
005 - ΗΜΕΡΟΜΗΝΙΑ ΚΑΙ ΩΡΑ ΤΕΛΕΥΤΑΙΑΣ ΕΝΗΜΕΡΩΣΗΣ
Πεδίο ελέγχου 20250605164245.0
008 - FIXED-LENGTH DATA ELEMENTS--GENERAL INFORMATION
Πεδίο ελέγχου σταθερού μήκους 250528s ||||||||||||||||||||||||d
035 ## - SYSTEM CONTROL NUMBER
System control number 21486
020 ## - ISBN
ISBN 9781870941808
040 ## - ΠΗΓΗ ΚΑΤΑΛΟΓΟΓΡΑΦΗΣΗΣ
Φορέας πρωτότυπης καταλογογράφησης MC Athens Campus Library
Γλώσσα καταλογογράφησης Ελληνικά, Μοντέρνα (1453-)
Modifying agency MC Athens Campus Library
Κανόνες περιγραφικής καταλογογράφησης AACR2
245 1# - ΤΙΤΛΟΣ ΚΑΙ ΔΗΛΩΣΗ ΥΠΕΥΘΥΝΟΤΗΤΑΣ
Τίτλος MANAGEMENT INFORMATION SYSTEMS
250 ## - EDITION STATEMENT
Edition statement 6
260 ## - PUBLICATION, DISTRIBUTION, ETC.
Name of publisher, distributor, etc. Dp Publications Ltd,
Date of publication, distribution, etc. 1991
300 ## - PHYSICAL DESCRIPTION
Extent 326
505 0# - FORMATTED CONTENTS NOTE
Formatted contents note M.I.S. OVERVIEW INFORMATION, DATA AND COMMUNICATION SYSTEMS CONCEPTS STRUCTURE & ELEMENTS SYSTEMS CONCEPTS OBJECTIVES & TYPES ORGANISATIONS SCIENTIFIC MANAGEMENT AND THE CLASSICAL SCHOOL
520 ## - SUMMARY, ETC.
Summary, etc. M.I.S. OVERVIEW INFORMATION, DATA AND COMMUNICATION SYSTEMS CONCEPTS STRUCTURE & ELEMENTS SYSTEMS CONCEPTS OBJECTIVES & TYPES ORGANISATIONS SCIENTIFIC MANAGEMENT AND THE CLASSICAL SCHOOL
700 1# - ΠΡΟΣΘΕΤΗ ΑΝΑΓΡΑΦΗ--ΦΥΣΙΚΟ ΠΡΟΣΩΠΟ
Personal name Lucey Terence
9 (RLIN) 7504
942 ## - ADDED ENTRY ELEMENTS (KOHA)
Koha item type Books
Holdings
Τύπος τεκμηρίου Βιβλιοθήκη Τρέχουσα τοποθεσία Barcode Αριθμός εισαγωγής Ημερομηνία απόκτησης Ταξιθετικό σύμβολο Αριθμός αντιτύπου Κατάσταση απόσυρσης Κατάσταση χαμένου Κατάσταση κατεστραμμένου Μη δανεισμός Σύνολο δανεισμών Ημερομηνία τελευταίας εμφάνισης Η τιμή ισχύει από
Books MC Thessaloniki Campus Library MC Thessaloniki Campus Library 9780000065476 1476 05/06/2025 658.4038011 LUC 1           05/06/2025 05/06/2025

MC Athens Campus Library
Πατησίων 94 & Κοδριγκτώνος 13, 104 34
Πελλήνης 8 & Πατησίων 107, 112 51
Τ: +30 210 8899600

MC Thessaloniki Campus Library
Ίωνος Δραγούμη 21, 54625 | Ίωνος Δραγούμη 15, 54625
Τ: +30 2310 287779 – Τ: +30 2314 440300